| 000 | 01136nam a22002657a 4500 | ||
|---|---|---|---|
| 999 |
_c18598 _d18598 |
||
| 003 | AR-CdUCM | ||
| 008 | 190514b ||||| |||| 00| 0 spa d | ||
| 040 |
_aMUNICIPALIDAD PROVINCIAL DEL CUSCO _cBIBLIOTECA MUNICIPAL DEL CUSCO |
||
| 041 | _heng | ||
| 082 |
_a355.0213 / _bL99 |
||
| 100 |
_aLyons, Gene M. _939281 |
||
| 245 | _aEl pentágono y el militarismo Norteamericano / | ||
| 260 |
_aBuenos Aires : _bJorge Alvarez Editor, _c1964. |
||
| 300 |
_a116 páginas ; _bcuadros, _c18 cm. |
||
| 440 |
_aColección de Política Concentrada. _939282 |
||
| 505 | _aContenido: El enorme y escondido impacto del Pentágono -- Presupuestos y exigencias militares en los Estados Unidos -- Presupuesto de guerra y economía nacionalista -- El poder de los militares en la sociedad Norteamericana -- La crisis de la investigación científica y el Pentágono. | ||
| 650 |
_aNorte América _92819 |
||
| 650 |
_aEl Pentágono _939283 |
||
| 650 |
_aInvestigación _91940 |
||
| 650 |
_aEconomía _9382 |
||
| 700 |
_aIsler, Liliane _939284 |
||
| 700 |
_aMilano, Marcella (traducción) _939285 |
||
| 942 |
_2ddc _cLIBROS |
||
| 945 |
_apjha _d2019-05-17 |
||